Normal view MARC view

Entry Personal Name

Number of records used in: 1

001 - CONTROL NUMBER

  • control field: 7036

003 - CONTROL NUMBER IDENTIFIER

  • control field: dpl

005 - DATE AND TIME OF LATEST TRANSACTION

  • control field: 20100805151117.0

008 - FIXED-LENGTH DATA ELEMENTS

  • fixed length control field: 100805|||a|||||| | ||| d

040 ## - CATALOGING SOURCE

  • Original cataloging agency: dpl
  • Transcribing agency: dpl

100 ## - HEADING--PERSONAL NAME

  • Personal name: John, B. Stephen

670 ## - SOURCE DATA FOUND

  • Source citation: Work cat.: (dpl): John, B. Stephen, Analytical geometry of 3.D and vector diffrentiation /, 2008

670 ## - SOURCE DATA FOUND

  • Source citation: Work cat.: (dpl): John, B. Stephen, Analytical geometry of 3.D and vector diffrentiation /, 2008

© Delhi Public Library
Hit Counter
free hit counter